[Event "Las Americas Team op U2400 Hybrid"]
[Site "Internet"]
[Date "2022.05.14"]
[Round "2.9"]
[White "Moreno Rojas, Luis Eduardo"]
[Black "Gonzalez Zharikov, Andrey"]
[Result "1/2-1/2"]
[WhiteElo "1563"]
[BlackElo "1693"]
[PlyCount "140"]
[EventDate "2022.05.14"]
[EventType "team-swiss"]
[EventRounds "5"]
[EventCountry "VEN"]
[SourceTitle "EXT 2023"]
[Source "ChessBase"]
[SourceDate "2022.10.05"]
[SourceVersion "1"]
[SourceVersionDate "2022.10.05"]
[SourceQuality "1"]

1. e4 c6 2. d4 d5 3. e5 Bf5 4. Bd3 Bxd3 5. Qxd3 e6 6. Nf3 Nd7 7. Nc3 h6 8. Be3 Ne7 9. Ne2 Qc7 10. c3 c5 11. a3 Nc6 12. 0-0 Be7 13. Rac1 0-0 14. Nf4 c4 15. Qc2 Rfb8 16. h4 Qd8 17. g3 b5 18. Nh2 Na5 19. Ng4 Nb3 20. Rcd1 a5 21. Nh5 Bf8 22. f4 g6 23. Nhf6+ Nxf6 24. Nxf6+ Kg7 25. h5 Be7 26. hxg6 fxg6 27. Ng4 h5 28. Nh2 b4 29. axb4 axb4 30. g4 hxg4 31. Nxg4 Qd7 32. Rf2 Rf8 33. Rh2 bxc3 34. bxc3 Rh8 35. f5 exf5 36. Bh6+ Kf7 37. Rf1 Qe6 38. Ne3 Ke8 39. Qg2 Ra5 40. Bg7 Rxh2 41. Qxh2 Bg5 42. Nxf5 gxf5 43. Qh5+ Qf7 44. Qxg5 Ra1 45. Rxa1 Nxa1 46. Qh6 Nb3 47. Qc6+ Qd7 48. Qa8+ Qd8 49. Qc6+ Qd7 50. Qg6+ Qf7 51. Qh6 Kd7 52. Kf2 Qe6 53. Bf6 Qg8 54. Bg5 Qe6 55. Qh8 Qe8 56. Qh7+ Kc6 57. Qxf5 Qh5 58. Qe6+ Kb5 59. Qxd5+ Ka4 60. Qxc4+ Ka3 61. Be7+ Kb2 62. Qe2+ Qxe2+ 63. Kxe2 Kxc3 64. d5 Kd4 65. d6 Kxe5 66. d7 Nd4+ 67. Kd3 Ne6 68. Kc4 Nd8 69. Bxd8 Kd6 70. Bg5 Kxd7 1/2-1/2